书目信息 |
| 题名: |
斯陶说林
|
|
| 作者: | 王用臣 辑 | |
| 分册: | 上 | |
| 出版信息: | 北京 中国书店 1991.3 |
|
| 页数: | 一册 | |
| 开本: | 20cm | |
| 丛书名: | ||
| 单 册: | ||
| 中图分类: | I269.6 | |
| 科图分类: | ||
| 主题词: | 杂著--文学--中国--清代 | |
| 电子资源: | ||
| ISBN: | 7-80568-168-6 | |
| 000 | 00563nam0 2200193 45 | |
| 001 | 0312221749 | |
| 005 | 20050412144456.6 | |
| 010 | @dCNY35.00@a7-80568-168-6 | |
| 100 | @a20031222d1991 km y0chiy0120 ea | |
| 101 | @achi | |
| 105 | @a z 000yy | |
| 200 | 1 | @a斯陶说林@ASi Tao Shuo Lin@h上@f(清)王用臣辑@F(Qing)Wang Yong Chen Ji |
| 210 | @a北京@c中国书店@d1991.3@a北京@c中国书店出版社 | |
| 215 | @a一册@d20cm | |
| 606 | 0 | @a杂著@x文学@y中国@z清代 |
| 690 | @aI269.6@v3 | |
| 701 | 0 | @a王用臣@4辑 |
| 801 | @aCN@bTSTCL@c20031222 | |
| 905 | @dI269.6@e448:1@b241852@f1 | |
| 斯陶说林.上/(清)王用臣辑.-北京:中国书店,1991.3;北京:中国书店出版社 |
| 一册;20cm |
| ISBN 7-80568-168-6:CNY35.00 |
| ● |
| 相关链接 |
|
|
|
|
正题名:斯陶说林
索取号:I269.6/448:1
 
预约/预借
| 序号 | 登录号 | 条形码 | 馆藏地/架位号 | 状态 | 备注 |
| 1 | 0241852 | 001993481 | 密集书库/ [索取号:I269.6/448:1] | 在馆 | |
| 2 | 0241853 | 000028918 | 第二借阅区/ [索取号:I269.6/448:1] | 在馆 | |
| 3 | 0241854 | 000028927 | 第一样本阅览室/ [索取号:I269.6/448:1] | 在馆 |